000 00810nam a2200205 i 4500
001 137420
003 ES-MaACL
005 20231228203847.0
007 t|
008 070214s1919 sp r ||||1| spa d
100 1 _aSánchez-Albornoz, Claudio,
_d1893-1984
_9102440
245 1 0 _aReivindicación histórica de Castilla
_b: conferencia de extensión universitaria pronunciada el día 5 de abril de 1919 /
_cpor Claudio Sánchez-Albornoz Menduiña.
260 _aValladolid :
_b[s.n.],
_c1919 (
_fEst. tip. de Emilio Zapatero)
300 _a30 p. ;
_c22 cm.
594 _aPrecede al tít.: Universidad Literaria de Valladolid.
651 4 _aCastilla (Reino)-
_xHistoria.
_97987
710 2 _aUniversidad Literaria de Valladolid.
_97394
852 _aES-MaACL
_j1570-F-18
999 _c137420
_d137420